<?xml version="1.0" encoding="UTF-8"?>
<collection xmlns="http://www.loc.gov/MARC21/slim">
 <record>
  <leader>00543nam a22001695a 4500</leader>
  <controlfield tag="001">EHU.bham043479</controlfield>
  <controlfield tag="008">130507s1965##################000#0#####d</controlfield>
  <controlfield tag="005">20230303111603.0</controlfield>
  <datafield tag="245" ind1="1" ind2="0">
   <subfield code="a">La paloma de vuelo popular :</subfield>
   <subfield code="b">elegías /</subfield>
   <subfield code="c">Nicolás Guillén.</subfield>
  </datafield>
  <datafield tag="250" ind1=" " ind2=" ">
   <subfield code="a">2a. ed.</subfield>
  </datafield>
  <datafield tag="260" ind1=" " ind2=" ">
   <subfield code="a">Buenos Aires :</subfield>
   <subfield code="b">Losada,</subfield>
   <subfield code="c">1965</subfield>
  </datafield>
  <datafield tag="300" ind1=" " ind2=" ">
   <subfield code="a">157 p.</subfield>
  </datafield>
  <datafield tag="100" ind1="1" ind2=" ">
   <subfield code="a">Guillén, Nicolás</subfield>
  </datafield>
  <datafield tag="082" ind1="C" ind2="u">
   <subfield code="a">Cu861.4 G946-2</subfield>
  </datafield>
  <datafield tag="653" ind1=" " ind2=" ">
   <subfield code="a">Literatura cubana-1920-1980</subfield>
  </datafield>
  <datafield tag="653" ind1=" " ind2=" ">
   <subfield code="a">Poesía cubana-1920-1980</subfield>
  </datafield>
  <datafield tag="859" ind1=" " ind2=" ">
   <subfield code="a">AR-BHAM</subfield>
   <subfield code="b">BIB. HUMANIDADES - General</subfield>
   <subfield code="h">Cu861.4</subfield>
   <subfield code="i">G946-2</subfield>
   <subfield code="k">Cu</subfield>
   <subfield code="p">359.15</subfield>
   <subfield code="t">Ej.1</subfield>
  </datafield>
 </record>
</collection>
